50 states - Statistics

General Stats
  • This quiz has been taken 10 times
  • The average score is 47 of 50
Answer Stats
Answer % Correct
Alaska
100%
Arizona
100%
Arkansas
100%
California
100%
Delaware
100%
Florida
100%
Georgia
100%
Hawaii
100%
Idaho
100%
Illinois
100%
Indiana
100%
Iowa
100%
Maryland
100%
New Hampshire
100%
New Jersey
100%
New Mexico
100%
New York
100%
North Carolina
100%
North Dakota
100%
Oklahoma
100%
Rhode Island
100%
South Carolina
100%
South Dakota
100%
Tennessee
100%
Utah
100%
Vermont
100%
Virginia
100%
Washington
100%
Wyoming
100%
Alabama
86%
Connecticut
86%
Kansas
86%
Kentucky
86%
Louisiana
86%
Maine
86%
Massachusetts
86%
Michigan
86%
Minnesota
86%
Mississippi
86%
Missouri
86%
Montana
86%
Nebraska
86%
Nevada
86%
Ohio
86%
Oregon
86%
Pennsylvania
86%
Texas
86%
West Virginia
86%
Wisconsin
86%
Colorado
71%
No matching quizzes found
Score Distribution
Percent of People with Each Score
Percentile by Number Answered
Your Score History
You have not taken this quiz